Piu forte di me /
Saved in:
| Hovedforfatter: | |
|---|---|
| Format: | Bog |
| Sprog: | italiensk |
| Udgivet: |
Milano :
Feltrinelli,
2009
|
| Serier: | Universale economica ;
2108 |
| Tags: |
Ingen Tags, Vær først til at tagge denne postø!
|
MARC
| LEADER | 00000nam a22000007i 4500 | ||
|---|---|---|---|
| 001 | IT\ICCU\BRI\0429836 | ||
| 003 | ItRI | ||
| 005 | 20250429115606.0 | ||
| 008 | 090601s2009 it |||||| ||||| |||||c | ||
| 020 | |a 9788807721083 | ||
| 040 | |b ita |c Arcigay Queer VdA | ||
| 041 | 7 | |a ita |2 ISO-639-2 | |
| 100 | 1 | |a Campo, Rossana |0 IT\ICCU\RAVV\074462 | |
| 240 | 1 | 0 | |a Più forte di me |9 Campo, Rossana |
| 245 | 1 | 0 | |a Piu forte di me / |c Rossana Campo. |
| 260 | |a Milano : |b Feltrinelli, |c 2009 | ||
| 300 | |a 276 p. ; |c 22 cm. | ||
| 830 | 0 | |a Universale economica ; |v 2108 |0 IT\ICCU\CFI\0001103 | |
| 942 | |2 ddc |c BK | ||
| 952 | |0 0 |1 0 |2 ddc |4 0 |6 853_914000000000000_CAM_PIU |7 1 |9 4067 |a AO |b AO |d 2025-04-29 |l 0 |o 853.914 CAM PIU |p 11252 |r 2025-04-29 11:56:20 |w 2025-04-29 |x Di proprietà di Giulio Gasperini |y BK | ||
| 981 | 1 | |6 z01 |a i |b xxxe | |
| 982 | 1 | |6 z01 |a n | |
| 999 | |c 3149 |d 3149 | ||